Statistics for Geographic Groups of Two #2

Click here to take the quiz!

General Stats

  • This quiz has been taken 33,152 times
    (33,082 since last reset)
  • The average score is 24 of 40

Answer Stats

Clue Answer % Correct
Countries with at least a
billion people
China
99%
Countries with at least a billion peopleIndia
98%
Largest African desertsSahara
91%
Countries with "Equator" in their name (in some form)Equatorial Guinea
87%
Countries that claim the Falkland IslandsUnited Kingdom
86%
Countries with "Equator" in their
name (in some form)
Ecuador
84%
Largest mountain ranges
bordering France
Alps
83%
Small kingdoms that border
South Africa
Lesotho
83%
Countries that claim the
Falkland Islands
Argentina
79%
Most populous cities in AfricaCairo
75%
Small kingdoms that border South AfricaEswatini
75%
Longest rivers in ChinaYellow
73%
Biggest city on each
New Zealand island
Auckland
72%
Inland seas of IsraelDead Sea
70%
Capitals of BoliviaLa Paz
69%
Capital cities above 60°NReykjavik
68%
African island countries that
speak Portuguese
Cape Verde
67%
Longest rivers in ChinaYangtze
66%
Mountain ranges dividing
Europe and Asia
Ural
65%
Capital cities above 60°NHelsinki
65%
Largest mountain ranges bordering FrancePyrenees
63%
Countries that share St. MartinFrance
62%
African island countries that speak PortugueseSão Tomé and Príncipe
62%
Most populous cities in AfricaLagos
58%
Longest tributaries of the
Mississippi River
Missouri
53%
Capitals of BoliviaSucre
52%
Countries that share St. MartinNetherlands
51%
Biggest city on each New Zealand islandChristchurch
51%
Sudanese capital citiesKhartoum
48%
Largest African desertsKalahari
44%
Mountain ranges dividing
Europe and Asia
Caucasus
43%
Independent countries of Africa
circa 1914
Ethiopia
43%
Terminal cities of the
Orient Express
Constantinople
41%
Terminal cities of the
Orient Express
Paris
41%
Sudanese capital citiesJuba
35%
Independent countries of Africa circa 1914Liberia
32%
Inland seas of IsraelSea of Galilee
31%
Tallest mountains in HawaiiMauna Kea
24%
Tallest mountains in HawaiiMauna Loa
23%
Longest tributaries of the Mississippi RiverArkansas
19%

Score Distribution

Percentile by Number Answered

Percent of People with Each Score

Your Score History

You have not taken this quiz since the last reset